000 01071nam a22003257a 4500
003 CHAP
005 20220329143723.0
008 110408s1979 mx a r 00010 spa d
010 _a100898
011 _a101870
035 _a112558
040 _cCHAP
082 0 4 _a972.01
_bH53
100 1 _aHidalgo, Mariana
_955214
245 1 3 _aLa vida amorosa en el México antiguo
_c/por Mariana Hidalgo
260 _aMéxico, D.F. :
_bDiana,
_c1979
300 _a118 p. :
_bilus.
590 _aBATCH-UPD
_b10
_c20130110
_lUCH01
_h1624
590 _aBATCH-UPD
_b10
_c20130410
_lUCH01
_h1018
590 _aBATCH-UPD
_b10
_c20130914
_lUCH01
_h0512
590 _aCONVERSION
_b10
_c20130109
_lUCH01
_h1356
650 1 4 _aAztecas
_xCultura.
_99198
650 1 4 _aAztecas
_xReligión y mitología.
_99199
650 1 4 _aIndios de México
_xVida social y costumbres.
_957637
650 1 4 _aMéxico
_xHistoria
_xEpoca prehispánica.
_976759
650 1 4 _aSexualidad humana.
_9105427
901 _aBK
942 _cLIBRO
949 _a972.01 H53
_bBC
_cLIBRO
_d33724002326512
_eLIBRO
_h114642
_i112558
_st
999 _c100898
_d100898